Statistiken für Bevölkerungsreichsten Städte der Schweiz (ohne Hauptstädte)

Klicken Sie hier um das Quiz zu spielen!

Allgemein

  • Dieses Quiz wurde 71 mal gespielt
  • Das Durchschnittsergebnis liegt bei 10 aus 20

Antwortstatistiken

EinwohnerzahlStadt% Korrekt
113,173Winterthur
93%
62,615Lugano
81%
55,602Biel
78%
43,632Thun
73%
37,494La-Chaux-de-Fonds
59%
30,156Yverdon-les-Bains
59%
42,044Köniz
58%
25,984Montreux
54%
35,007Uster
54%
27,277Rapperswil-Jona
51%
29,303Dübendorf
47%
31,043Emmen
46%
34,958Vernier
41%
27,847Kriens
39%
27,746Dietikon
37%
24,617Baar
36%
33,377Lancy
34%
25,745Meyrin
31%
24,624Wädenswil
27%
24,990Wetzikon
24%

Verteilung der Resultate

Perzentil nach korrekt beantworteten Fragen

Anzahl Personen mit jedem Resultat

Ihre Resultats-Entwicklung

Sie haben dieses Quiz noch nicht gespielt